崩壞國文 : 長安水邊多魯蛇?唐代文學與它們的作者
| 資料類型: | 圖書 | 書目號: | 52051 |
Leader xxxxxxxxxx 001 __ 102521/6/05 005 __ 20180426083508.677 010 0_ |a978-986-133-636-7|b平裝|d新臺幣360元 042 __ |anbim 100 __ |a20180426d2017 k y0chiy50 e 101 0_ |achi 102 __ |atw 105 __ |aa z 000cy 200 1_ |a崩壞國文|e長安水邊多魯蛇?唐代文學與它們的作者|f謝金魚著|g燕王插畫 205 __ |a初版 210 __ |a臺北市|c圓神|d2017[民106] 215 0_ |a288面|c彩圖|d15x21公分 225 12 |a圓神文叢|v225 517 1_ |a長安水邊多魯蛇?唐代文學與它們的作者|zchi 700 _1 |a謝|b金魚|4著 702 _0 |a燕王|4插畫 681 __ |a855|b8265 801 _0 |atw|bLibDipper|c20180426|gCCR |